| 000 | 00495 a2200217 4500 | ||
|---|---|---|---|
| 260 | _bEconomica | ||
| 300 | _a610p. | ||
| 245 | _aKeynes aujourd'hui : théories et politiques | ||
| 650 | _aKeynesianisme | ||
| 260 | _aParis | ||
| 300 | _b25cm | ||
| 260 | _c1985 | ||
| 100 | _lFr | ||
| 630 | _a33 - Economie - Economie politique | ||
| 037 | _aDE 5536 | ||
| 650 | _a3 - SCIENCES SOCIALES | ||
| 700 | _aPref., Barrère, Alain | ||
| 020 | _a2-7178-0842-6 | ||
| 999 |
_c44104 _d44104 |
||